George Cukor

Gardado en:
Detalles Bibliográficos
Autor Principal: Domarchi, Jean (Author)
Formato: Libro
Idioma:francés
Publicado: París Seghers 1965
Series:Cinéma d'Aujourd'Hui, 33
Subjects:
Tags: Engadir etiqueta
Sen Etiquetas, Sexa o primeiro en etiquetar este rexistro!

MARC

LEADER 00000nam a2200000 a 4500
001 UCO5767
003 CL-VaPUC
008 000915e19650000FR |||||||||||||||||fre|d
082 0 4 |a 791.4309  |b DOM  |2 21 
100 0 |a Domarchi, Jean  |e author  |9 450580 
245 1 0 |a George Cukor 
300 |a 188 p 
942 |c BK 
945 |d 20000915 00:00:00  |a crobeson 
260 |a París  |b Seghers  |c 1965 
600 0 7 |a CUKOR, GEORGE  |2 CL-VaPUC  |9 450581 
650 0 |a Directores de cine  |9 368705 
650 7 |a REALIZADORES CINEMATOGRAFICOS  |2 CL-VaPUC  |9 355120 
650 7 |a CINE ESTADOUNIDENSE  |2 CL-VaPUC  |9 449636 
650 0 |a Biografías  |9 255210 
583 |a last modification  |c 20000915 00:00:00  |k Rodrigo Vera 
490 0 |a Cinéma d'Aujourd'Hui, 33 
999 |c 291597  |d 291595 
952 |0 0  |1 0  |4 0  |6 791_430900000000000_DOM_1965  |7 0  |8 P  |9 341562  |a BIBART  |b BIBART  |d 2019-11-20  |i 1222368  |o 791.4309 DOM 1965  |p 1222368  |r 2025-03-13  |w 2019-11-20  |y BK  |k ART